000
00387nam a22001697a 4500
003
MPLRDC
005
20220104143952.0
008
210129b ||||| |||| 00| 0 eng d
082
_a
857.623 ZY-10 v.2
100
_a
张宇
245
_a
接生
_c
260
_a
_b
博益
_c
300
_b
平
490
_a
幻境迷离之二
650
_a
灵异小说
942
_c
BK
_o
857.623 ZY-10 v.2
999
_c
45117
_d
45107